000 01745nam0a22003371 4500
001 v19\rc\2041608
005 20250620031156.0
035 _a(NLR Aleph) 005145543
090 _a4847913
_c4847913
100 _a20081111d1904 |||y0rusy50 ca
101 1 _arus
_cger
102 _aRU
105 _ay z |||||
200 1 _aИз жизни одного маленького гарнизона
_eСовременная картина военных нравов
_f[Соч.] Лейт. Бильзе (Фрица фон Кирбург)
_gПер. А. Заблоцкой и Е.Б.
210 _aМосква
_cД.П. Ефимов
_d1904
215 _a319 с.
_d18
300 _aЗагл. оригинала: "Aus einer kleinen Garnison"
300 _aПер. также под загл.: "В маленьком гарнизоне", "В пограничном гарнизоне", "Из жизни маленького гарнизона"
451 0 _12001#$aВ маленьком гарнизоне
_tВ маленьком гарнизоне
451 0 _12001#$aВ пограничном гарнизоне
_tВ пограничном гарнизоне
451 0 _12001#$aИз жизни маленького гарнизона
_tИз жизни маленького гарнизона
454 0 _12001#$aAus einer kleinen Garnison
_tAus einer kleinen Garnison
700 1 _7ca
_8rus
_aБильзе
_bФ. О.
_f1878-1951
_gФриц Освальд
_9260868
_3RU\NLR\AUTH\770260924
702 1 _aЗаблоцкая
_bА.
_4730
702 0 _aЕ.Б.
_4730
790 1 _6z01700
_aКирбург
_bФ. фон
_f1878-
_gФриц фон
801 0 _aRU
_bNLR
_gpsbo
801 1 _aRU
_bProSoft-M
_2rusmarc
852 _aNLR
_j38.60.7.22
942 _cBOOK
980 _aNB